Aves del páramo de Sonsón, Argelia, Nariño y Abejorral, un Acercamiento a su conocimiento y conservación por los jóvenes del proyecto (Registro nro. 4595)
[ vista simple ]
| 000 -CABECERA | |
|---|---|
| Campo de control | 00913nam a2200205 a 4500 |
| 005 - FECHA Y HORA DE LA ULTIMA TRANSACCION | |
| Campo de control | 20160106130149.0 |
| 008 - ELEMENTOS DE LONGITUD FIJA—INFORMACION GENERAL | |
| Campo de control | 140317b2004 ck a gr|||| 00| 0 spa d |
| 040 ## - FUENTE DE CATALOGACIÓN | |
| Agencia catalogadora original | CO-BoIAVH |
| Agencia transcriptora | CO-BoIAVH |
| 041 ## - IDIOMA | |
| Código de idioma para texto/pista de sonido o título separado | Español |
| 044 ## - PAÍS DE PUBLICACIÓN | |
| País de publicación | Colombia |
| 082 ## - NUMERO DE CLASIFICACION DECIMAL DEWEY | |
| Número de clasificación | FG-0024 |
| 100 1# - ASIENTO PRINCIPAL--NOMBRE PERSONAL | |
| Nombre personal | Ríos Osorio, Oliva |
| 245 1# - MENCION DE TITULO | |
| Título | Aves del páramo de Sonsón, Argelia, Nariño y Abejorral, un Acercamiento a su conocimiento y conservación por los jóvenes del proyecto |
| Parte restante del título | Reservas Naturales campesinas |
| Mención de responsabilidad | Corporación Autónoma Regional Rionegro - Nare |
| 260 ## - PUBLICACION, DISTRIBUCION, ETC. (PIE DE IMPRENTA) | |
| Lugar de publicación, distribución, etc. | Medellín |
| Nombre del editor, distribuidor, etc. | CORNARE |
| -- | Municipio de Sonsón |
| -- | Municipio de Argelia |
| -- | Fundación Codesarrollo |
| -- | Municipio de Nariño |
| -- | Municipio de Abejorral |
| Fecha de publicación, distribución, etc. | 2004 |
| 300 ## - DESCRIPCION FISICA | |
| Extensión | 16 paginas.: |
| Otros detalles físicos | ilutraciones. |
| Dimensiones | 22 x 16 cm |
| 650 #4 - ASIENTO SECUNDARIO DE MATERIA - TERMINO TEMATICO | |
| Término temático o nombre geográfico como elemento de entrada | Aves |
| Subdivisión geográfica | Paramo de Sonsón |
| -- | Argelia, Nariño y abejorral. |
| 650 #4 - ASIENTO SECUNDARIO DE MATERIA - TERMINO TEMATICO | |
| Término temático o nombre geográfico como elemento de entrada | Reservas Naturales |
| Subdivisión geográfica | Antioquia |
| 942 ## - ELEMENTOS ADICIONALES (KOHA) | |
| Tipo de ítem | Folleto |
| Sistema de clasificación | Local |
| 945 ## - PROCESAMIENTO LOCAL | |
| AAAA-MM-DD - Fecha de ingreso o modificacion | 2005-06-23 |
| Withdrawn status | Lost status | Sistema de Clasificación | Damaged status | No para préstamo | Colección | Inventariado | Ubicación Permanente | Ubicación actual | Fecha de adquisición | Fuente de Valor | Total Checkouts | Número topográfico | Inventario / Código de Barras | Date last seen | Ejemplar | Price effective from | Tipo de material |
|---|---|---|---|---|---|---|---|---|---|---|---|---|---|---|---|---|---|
| Local | General | Inventariado 2017 | Bogotá | Bogotá | 23/06/2005 | Echeverry,María Angela | FG-0024 | 019194 | 04/12/2012 | Ej. 1 | 04/12/2012 | Folleto |